The annals (Record no. 35209)
[ view plain ]
| 000 -LEADER | |
|---|---|
| fixed length control field | 01677nam a2200421 a 4500 |
| 100 1# - MAIN ENTRY--AUTHOR NAME | |
| Personal name | Tacitus, Cornelius. |
| 245 14 - TITLE STATEMENT | |
| Title | The annals |
| 260 ## - PUBLICATION, DISTRIBUTION, ETC. (IMPRINT) | |
| Place of publication | Oxford ; |
| -- | New York : |
| Name of publisher | Oxford University Press, |
| Year of publication | 2008. |
| 300 ## - PHYSICAL DESCRIPTION | |
| Number of Pages | xxxv, 546 p. : |
| Other physical details | maps. |
| 490 1# - SERIES STATEMENT | |
| Series statement | Oxford world's classics |
| 700 1# - ADDED ENTRY--PERSONAL NAME | |
| Personal name | Yardley, John, |
| Personal name | Barrett, Anthony, |
| 856 40 - ELECTRONIC LOCATION AND ACCESS | |
| Uniform Resource Identifier | http://site.ebrary.com/lib/rucke/Doc?id=10254507 |
No items available.
